Code civil

Shranjeno v:
Bibliografske podrobnosti
Korporativna značnica: Megacode (Author)
Format: Knjiga
Jezik:francoščina
Izdano: París Dalloz 1997
Izdaja:2a. ed
Teme:
Oznake: Označite
Brez oznak, prvi označite!

MARC

LEADER 00000nam a2200000 a 4500
001 UCQ9848
003 CL-VaPUC
008 990121e19970000FR |||||||||||||||||fre|d
082 0 4 |a 346.44  |b MEG  |2 21 
110 2 |a Megacode  |e author  |9 424533 
245 1 0 |a Code civil 
250 |a 2a. ed 
300 |a 1945 p 
942 |c BK 
945 |d 19990121 00:00:00  |a aarredon 
260 |a París  |b Dalloz  |c 1997 
650 0 |a Derecho civil  |9 255013 
650 0 |a Códigos  |9 352314 
650 0 |a Derecho sucesorio  |9 255015 
650 7 |a DOMICILIO  |2 CL-VaPUC  |9 371886 
650 7 |a PERSONA  |2 CL-VaPUC  |9 327934 
650 7 |a MATRIMONIO  |2 CL-VaPUC  |9 424534 
650 0 |a Divorcio  |9 256204 
650 0 |a Filiación  |9 256647 
650 0 |a Adopción  |9 255783 
650 0 |a Propiedad   |9 255268 
650 0 |a Bienes  |9 255749 
650 0 |a Contratos  |9 255153 
651 0 |a Francia  |9 255157 
583 |a last modification  |c 19990121 00:00:00  |k Rodrigo Vera 
999 |c 278749  |d 278747 
952 |0 0  |1 0  |4 0  |6 346_440000000000000_MEG_1997  |7 0  |8 A  |9 317512  |a BIBDER  |b BIBDER  |d 2019-11-20  |i 3489256  |o 346.44 MEG 1997  |p 3489256  |r 2023-01-25  |w 2019-11-20  |y BK  |k DER